| 000 | 02433nam a22002537a 4500 | ||
|---|---|---|---|
| 003 | Uzh_bibl | ||
| 008 | 260429b |||||||| |||| 00| 0 ukr d | ||
| 020 |
_a978-617-7176-07-6 _c62.00 |
||
| 040 | _bукр. | ||
| 041 |
_2ukr _aukr |
||
| 080 | _a821(477) | ||
| 090 |
_a821(477) _bК 61 |
||
| 100 | _aКоломійчук ,Богдан | ||
| 245 |
_aНебо над Віднем _cхудож.-оформлювач Л. П. Вировець. _hТекст |
||
| 260 |
_aХарків _bЛА"Час читати" _c2016 |
||
| 300 |
_a203 с. _fВ опр. |
||
| 520 | _aБогдан Коломійчук (нар. 1984 р.) - український письменник, володар Гран-прі міжнародного конкурсу "Коронація слова-2013" за історико-авантюрний роман "Людвисар. Ігри вельмож". Автор збірок детективних оповідань "Таємниця Єви" (2014) та повістей "В'язниця душ" (2015). Усі три книжки вийшли друком у видавництві "Фоліо". У творах письменника поєднуються захоплюючий сюжет, містика, гумор та правдиві історичні факти.<br/><br/>До книжки увійшов детективний роман "Небо над Віднем" та повість "Остання справа комісара Вістовича". Роман розповідає про загадкові події, що мали місце у Львові, Будапешті та Відні на початку Першої світової війни. На виставці у місті Лева зникла одна з найцінніших коштовностей Габсбурзької династії, яка до того ж має здатність змінювати плин часу. До справи береться львівська поліція на чолі з комісаром Вістовичем, а протидіє їм російська "охранка". | ||
| 521 | _aДля широкого кола читачів | ||
| 546 | _aукр. | ||
| 650 | _aЛітературно-художнє видання | ||
| 653 |
_aВійна _aРозслідування |
||
| 655 |
_aДетектив _vРоман і повість |
||
| 942 |
_2udc _cBK |
||
| 999 |
_c17548 _d17548 |
||